000 00680cab a2200205 4500
001 WB2809-47
008 090401t1992 xxu||||| |||| 00| 0 eng d
035 _a(Sirsi) u44230
041 _aeng
245 _aNew `open market value`
260 _c1992
350 _a0
490 _aEstates Gazette
_v(9207) 22 February 1992, 50(1)
520 _aThe RICS Assets Valuation Standards Committee looks set to ratify the proposed amendments to the definition to `open market value` in March. Outlines the amendments.
650 _aOPEN MARKET VALUE
650 _aRICS ASSETS VALUATION STANDARDS COMMITTEE
690 _aRATING AND VALUATION
942 _n0
948 _c04/03/1997
999 _c28193
_d28193